| 000 | 00395nam a2200157Ia 4500 | ||
|---|---|---|---|
| 008 | 230524s9999 xx 000 0 und d | ||
| 082 |
_a621.3821 _bKUM |
||
| 100 |
_aD.Vijaya Kumar _914401 |
||
| 245 | 0 | _aPower System Operation and Control | |
| 250 | _a1ST | ||
| 260 |
_aNEW DELHI _bScitech _c2004 |
||
| 300 | _aXIII;212 | ||
| 500 | _aQuantity Number: 1 | ||
| 650 | _aElectrical | ||
| 942 | _cBK | ||
| 999 |
_c20396 _d20396 |
||